000 00509nam a2200181Ia 4500
008 090124s9999 xx 000 0 und d
082 _b111717
100 _aदेशपांडे रमाकांत
245 _a भोंवरा
250 _a1
260 _c1967
300 _a80
600 _aदेशपांडे रमाकांत
630 _a भोंवरा
700 _aदेशपांडे रमाकांत
730 _a भोंवरा
942 _cBOOK
999 _c157808
_d157808